Alternativas psicológicas de intervención en problemas de salud (Registro nro. 114175)

Detalles MARC
000 -LEADER
fixed length control field 01083nam a22002417a 4500
005 - DATE AND TIME OF LATEST TRANSACTION
control field 20231010132753.0
008 - FIXED-LENGTH DATA ELEMENTS--GENERAL INFORMATION
fixed length control field 160303b mx ||||| |||| 00| 0 spa d
020 ## - INTERNATIONAL STANDARD BOOK NUMBER
International Standard Book Number 9786074484946
050 04 - LIBRARY OF CONGRESS CALL NUMBER
Classification number R726.5
Item number C36 2015
100 1# - MAIN ENTRY--PERSONAL NAME
Personal name Camacho Gutiérrez, Everardo José,
Relator term autor
245 10 - TITLE STATEMENT
Title Alternativas psicológicas de intervención en problemas de salud
Statement of responsibility, etc / Everardo José Camacho Gutiérrez, Sergio Galán Cuevas ; editor responsable Santiago Viveros Fuentes.
250 ## - EDITION STATEMENT
Edition statement 1a ed.
260 ## - PUBLICATION, DISTRIBUTION, ETC. (IMPRINT)
Place of publication, distribution, etc San Luis Potosi, S.L.P. ;
-- Guadalajara, Jalisco :
Name of publisher, distributor, etc Universidad Autónoma de San Luis Potosí, Facultad de Psicología :
-- Universidad de Guadalajara :
-- El Manual Moderno,
Date of publication, distribution, etc 2015.
300 ## - PHYSICAL DESCRIPTION
Extent xxiii, 287 p. ;
Dimensions 23 cm.
504 ## - BIBLIOGRAPHY, ETC. NOTE
Bibliography, etc Incluye bibliografía e índice.
650 #7 - SUBJECT ADDED ENTRY--TOPICAL TERM
Source of heading or term lemb
Topical term or geographic name as entry element Enfermos
General subdivision Psicología
650 #4 - SUBJECT ADDED ENTRY--TOPICAL TERM
Topical term or geographic name as entry element Medicina y psicología
650 #7 - SUBJECT ADDED ENTRY--TOPICAL TERM
Source of heading or term lemb
Topical term or geographic name as entry element Medico y paciente
General subdivision Aspectos psicológicos
650 #7 - SUBJECT ADDED ENTRY--TOPICAL TERM
Source of heading or term lemb
Topical term or geographic name as entry element Promoción de la salud
700 1# - ADDED ENTRY--PERSONAL NAME
Personal name Galán Cuevas, Sergio,
Relator term autor
700 1# - ADDED ENTRY--PERSONAL NAME
Personal name Viveros Fuentes, Santiago,
Relator term editor
942 ## - ADDED ENTRY ELEMENTS (KOHA)
Source of classification or shelving scheme Biblioteca del Cogreso de los Estados Unidos
Koha item type Libro
Existencias
Estado de pérdida Fuente de clasificación Estado del daño No para préstamo Ubicación permanente Ubicación actual Apartado o colección Fecha de adquisición Fuente de adquisición Edición Dependencia de educación superior (DES) Área del conocimiento Clasificación Código de Barras Date last seen Número de copia Costo por reposición Tipo de recurso Total Checkouts
  Biblioteca del Cogreso de los Estados Unidos     Biblioteca de la Escuela de Enfermería y Salud Pública Biblioteca de la Escuela de Enfermería y Salud Pública General 10/10/2023 Unidad Académica 1a ed.   Ciencias de la Salud R726.5 C36 2015 ENT000004151 10/10/2023 1 395.00 Libro  
  Biblioteca del Cogreso de los Estados Unidos     Biblioteca de la Escuela de Enfermería y Salud Pública Biblioteca de la Escuela de Enfermería y Salud Pública General 10/10/2023   1a ed.   Ciencias de la Salud R726.5 C36 2015 ENT000004152 10/10/2023 2 395.00 Libro  
  Biblioteca del Cogreso de los Estados Unidos     Biblioteca de la Facultad de Psicología Biblioteca de la Facultad de Psicología General 03/03/2016 Unidad Académica Genérico 1a ed. Ciencias de la Salud Ciencias de la Salud R726.5 C36 2015 BFP000011340 03/03/2016 1 1.00 Libro  
  Biblioteca del Cogreso de los Estados Unidos     Biblioteca de la Facultad de Psicología Biblioteca de la Facultad de Psicología General 03/03/2016 Unidad Académica Genérico 1a ed. Ciencias de la Salud Ciencias de la Salud R726.5 C36 2015 BFP000011341 03/03/2016 2 1.00 Libro  
  Biblioteca del Cogreso de los Estados Unidos     Biblioteca de la Facultad de Psicología Biblioteca de la Facultad de Psicología General 27/04/2016 Donación 1a ed. Ciencias de la Salud Ciencias de la Salud R726.5 C36 2015 BFP000011412 27/04/2016 3 1.00 Libro